Les feats de PLK - Statistiques

Statistiques générales
  • Ce quiz a été pris 351 fois
    317 depuis la dernière actualisation
  • Le résultat moyen est 37 sur 84
Statistiques - réponses
Album / EP Streams Interprètes % Correct
Le Classico Organisé 71,8 M Jul/ Koba LaD / SCH / Gazo / Soso Maness / Guy2bezbar / Naps / Kofs
98%
Le Classico Organisé 12,2 M Houari / Jul / Rim'k / Solda / Timal / L'Algerino / Hornet La Frappe
94%
Chambre 140 56,6 M Jul
88%
La Route est Longue 23,8 M Jul
88%
Polak 25,3 M SCH
88%
Enna Boost 17,7 M SCH
88%
Single - Jack Fuego 48,8 M SDM
86%
OCHO 18,3 M SDM
86%
Enna Boost 9,5 M SDM
86%
Single - #OSCQV - SDM
86%
Enna 117,7 M Hamza
83%
Chambre 140 13,5 M Hamza
83%
Enna 51,8 M Niska
72%
Single - Allez 7,7 M Soso Maness / Naps
72%
Chambre 140 49,3 M Gazo
71%
Polak 24,8 M Nekfeu
68%
MVP 74,4 M Mister V
67%
BO de "TAXI 5" 6,5 M Mister V
67%
ADN 22,9 M Rim'k
64%
Enna 21,2 M Rim'k
64%
Pygmalion 49,2 M Vacra
64%
Chambre 140 13,5 M Vacra
64%
Enna Boost 124,7 M Oboy
63%
Avec le temps 127,1 M Soso Maness
62%
Carré 38,2 M Werenoi
62%
Pyramide 3,7 M Werenoi
62%
La spé 26,3 M Yaro / Ninho
62%
La vie continue 25,7 M Maes
61%
Mental 11,6 M Maes
61%
Mental 32,3 M Timal
56%
Caliente 13,4 M Timal
56%
Cullinan : Gelée Royale 10,6 M Dadju
53%
Cullinan : Gelée Royale 10,5 M Dadju
53%
Cullinan : Gelée Royale 4,6 M Dadju
53%
2069' 16,1 M Dinos
51%
Detail 11,1 M Koba LaD
51%
2069' 13,6 M Kerchak
50%
Mental 24,9 M Tessa B
50%
Enna 38,6 M Heuss l'enfoiré
49%
Chambre 140 20,0 M TIF
49%
Panama Bende - Lesram
44%
Virus : avant l'album 53,2 M Leto
44%
Ténébreux 12,1 M Krisy
39%
Platinium 6,9 M Krisy
39%
Dedans 1,3 M Krisy
39%
Plus fort que l'orage 7,9 M Bekar
38%
Panama Bende / La Confrérie - Ormaz
38%
VENI VIDI VICI 3,2 M Lacrim
37%
Single - Fils 2 12,8 M Niro
37%
Mental 4,4 M Aladin 135
36%
Panama Bende - Aladin 135
36%
FAMOUS 16,8 M Lefa
36%
Platinium 3,3 M Lefa
36%
Dans les mains 21,6 M ZKR
36%
Caméléon + 5,4 M ZKR
36%
Polak 15,1 M Paluch
35%
Czerwony Dywan 4,6 M Paluch / Chris Carson
35%
SZR 2001 19,8 M S-Crew / Doums
33%
Rêves de gosses 5,8 M RK
28%
BLO II 9,3 M 13 Block
27%
Panama Bende / La Confrérie - Zeu
26%
Pull à capuche et billets mauves 5,9 M Doums
24%
Extrait de la BO "En Passant Pecho" 10,2 M Kore
21%
Années Sauvages 19,0 M Georgio
20%
Panama Bende - Elyo
19%
A zéro 1,5 M Yaro
19%
Panama Bende - Assaf
17%
Elixir 2,1 M Matou
15%
Zonard des étoiles 14,8 M Nessbeal
15%
Il était une fois... 0,5 M Black M
13%
Single - Zion - Nemir
12%
Ayna 2,8 M Tsew The Kid
10%
OSO/ Hat Trick - Caballero
9%
Bénéfice 4,4 M Tiitof
9%
Lunettes 2 ski - Dinor rdt
8%
Resilience 2,1 M Enima
8%
Attaque II - Roshi
8%
Lost Files 2,6 M Aitch
7%
Single - Tour de France 7,4 M Kabe / Favst / Gibbs
7%
Single - Violent - Gergio / Isha
6%
Supernova - 404 Billy
4%
Single - Tous les jours 0,8 M Phenomène Bizness
4%
Shtar Academy 1,2 M Ryan / Perkiz
4%
Single - Le B ou le P - BLK 140
1%
Aucun quiz correspondant
Distribution des résultats
% des personnes avec chaque résultat
Percentile par nombre de réponses
Votre historique - résultats
Vous n’avez pas pris ce quiz depuis la dernière actualisation